OPERATIONS MANAGEMENT STRATEGY AND ANALY (Record no. 1594)
[ view plain ]
| 000 -LEADER | |
|---|---|
| fixed length control field | 00380nam a2200145Ia 4500 |
| 008 - FIXED-LENGTH DATA ELEMENTS--GENERAL INFORMATION | |
| fixed length control field | 240624s9999 xx 000 0 und d |
| 041 ## - LANGUAGE CODE | |
| Language code of text/sound track or separate title | eng |
| 082 ## - DEWEY DECIMAL CLASSIFICATION NUMBER | |
| Classification number | 658.5 KRA |
| 100 ## - MAIN ENTRY--PERSONAL NAME | |
| Personal name | KRAJEWSKI LEE J |
| 245 ## - TITLE STATEMENT | |
| Title | OPERATIONS MANAGEMENT STRATEGY AND ANALY |
| 250 ## - EDITION STATEMENT | |
| Edition statement | (6th ed.) |
| 260 ## - PUBLICATION, DISTRIBUTION, ETC. | |
| Date of publication, distribution, etc. | 2002 |
| Place of publication, distribution, etc. | New Delhi |
| Name of publisher, distributor, etc. | Pearson Education |
| 300 ## - PHYSICAL DESCRIPTION | |
| Extent | xxv, : 882 : p. : cm. ; 26 |
| 365 ## - TRADE PRICE | |
| Currency code | RS |
| Withdrawn status | Lost status | Damaged status | Not for loan | Home library | Current library | Shelving location | Date acquired | Source of acquisition | Cost, normal purchase price | Full call number | Barcode | Date last seen | Copy number | Price effective from | Koha item type |
|---|---|---|---|---|---|---|---|---|---|---|---|---|---|---|---|
| IMTN | IMTN | Rack 34-A | 12/10/2004 | JBD | 325.00 | 658.5 KRA | 1594 | 06/24/2024 | 1 | 06/24/2024 | Books |